The age of revolution: (Record no. 131062)
[ view plain ]
| 000 -LEADER | |
|---|---|
| fixed length control field | 00868cam a2200265 4500 |
| 001 - CONTROL NUMBER | |
| control field | 2691306 |
| 003 - CONTROL NUMBER IDENTIFIER | |
| control field | ARRUPE |
| 005 - DATE AND TIME OF LATEST TRANSACTION | |
| control field | 20211102101439.0 |
| 008 - FIXED-LENGTH DATA ELEMENTS--GENERAL INFORMATION | |
| fixed length control field | 700303t19691962nyuabc b 001 0 eng |
| 010 ## - LIBRARY OF CONGRESS CONTROL NUMBER | |
| LC control number | 75099597 |
| 040 ## - CATALOGING SOURCE | |
| Original cataloging agency | DLC |
| Transcribing agency | DLC |
| Modifying agency | DLC |
| 050 00 - LIBRARY OF CONGRESS CALL NUMBER | |
| Classification number | D299 |
| Item number | .H6 1969 |
| 082 00 - DEWEY DECIMAL CLASSIFICATION NUMBER | |
| Classification number | 914/.03/28 |
| 300 ## - PHYSICAL DESCRIPTION | |
| Other physical details | illus., maps, ports. |
| Dimensions | 25 cm. |
| 100 1# - MAIN ENTRY--PERSONAL NAME | |
| Personal name | Hobsbawm, E. J. |
| Fuller form of name | (Eric J.), |
| Dates associated with a name | 1917-2012. |
| 9 (RLIN) | 17842 |
| 240 10 - UNIFORM TITLE | |
| Uniform title | <a href="Age of revolution, 1789-1848">Age of revolution, 1789-1848</a> |
| 245 14 - TITLE STATEMENT | |
| Title | The age of revolution: |
| Remainder of title | Europe 1789-1848 |
| Statement of responsibility, etc | [by] E. J. Hobsbawm. |
| 260 ## - PUBLICATION, DISTRIBUTION, ETC. (IMPRINT) | |
| Place of publication, distribution, etc | New York, |
| Name of publisher, distributor, etc | Praeger Publishers |
| Date of publication, distribution, etc | [1969, c1962] |
| 300 ## - PHYSICAL DESCRIPTION | |
| Extent | xvi, 356 p. |
| 490 0# - SERIES STATEMENT | |
| Series statement | History of civilization |
| 504 ## - BIBLIOGRAPHY, ETC. NOTE | |
| Bibliography, etc | Bibliography: p. 332-338. |
| 650 #0 - SUBJECT ADDED ENTRY--TOPICAL TERM | |
| Topical term or geographic name as entry element | Industrial revolution. |
| 9 (RLIN) | 50859 |
| 651 #0 - SUBJECT ADDED ENTRY--GEOGRAPHIC NAME | |
| Geographic name | Europe |
| General subdivision | History |
| Chronological subdivision | 1789-1900. |
| 9 (RLIN) | 17433 |
| 906 ## - LOCAL DATA ELEMENT F, LDF (RLIN) | |
| a | 7 |
| b | cbc |
| c | orignew |
| d | u |
| e | ncip |
| f | 19 |
| g | y-gencatlg |
| 942 ## - ADDED ENTRY ELEMENTS (KOHA) | |
| Source of classification or shelving scheme | Library of Congress Classification |
| Koha item type | Monograph ( Printed materials) |
| Withdrawn status | Lost status | Source of classification or shelving scheme | Damaged status | Not for loan | Collection code | Home library | Current library | Shelving location | Date acquired | Total Checkouts | Full call number | Barcode | Date last seen | Price effective from | Koha item type |
|---|---|---|---|---|---|---|---|---|---|---|---|---|---|---|---|
| Library of Congress Classification | Main Collection | ARRUPE LIBRARY | ARRUPE LIBRARY | Main Collection | 02/11/2021 | D299 .H6 1969 | 46600007024 | 02/11/2021 | 02/11/2021 | Monograph ( Printed materials) |